System analysis and design (Record no. 458)

MARC details
000 -LEADER
fixed length control field 00934 a2200445 4500
000 - LEADER
fixed length control field BKB
001 - CONTROL NUMBER
control field 066401
005 - DATE AND TIME OF LATEST TRANSACTION
control field 20200902145646.0
008 - FIXED-LENGTH DATA ELEMENTS--GENERAL INFORMATION
fixed length control field
010 ## - LIBRARY OF CONGRESS CONTROL NUMBER
LC control number
020 ## - INTERNATIONAL STANDARD BOOK NUMBER
International Standard Book Number
082 ## - DEWEY DECIMAL CLASSIFICATION NUMBER
Classification number 004.21
Item number T73S
100 1# - MAIN ENTRY--PERSONAL NAME
Personal name Trivedi, Mukesh Chanda
110 ## - MAIN ENTRY--CORPORATE NAME
Corporate name or jurisdiction name as entry element
245 1# - TITLE STATEMENT
Title System analysis and design
Statement of responsibility, etc by Mukesh Chandra Trivedi
250 ## - EDITION STATEMENT
Edition statement
260 ## - PUBLICATION, DISTRIBUTION, ETC. (IMPRINT)
Place of publication, distribution, etc New Delhi
Name of publisher, distributor, etc Khanna Books
Date of publication, distribution, etc 2010
300 ## - PHYSICAL DESCRIPTION
Extent 230p.
490 ## - SERIES STATEMENT
Series statement
Volume number/sequential designation
500 ## - GENERAL NOTE
General note
600 ## - SUBJECT ADDED ENTRY--PERSONAL NAME
Personal name
610 ## - SUBJECT ADDED ENTRY--CORPORATE NAME
Corporate name or jurisdiction name as entry element
611 ## - SUBJECT ADDED ENTRY--MEETING NAME
Meeting name or jurisdiction name as entry element
630 ## - SUBJECT ADDED ENTRY--UNIFORM TITLE
Uniform title
650 ## - SUBJECT ADDED ENTRY--TOPICAL TERM
Topical term or geographic name as entry element
651 ## - SUBJECT ADDED ENTRY--GEOGRAPHIC NAME
Geographic name
654 ## - SUBJECT ADDED ENTRY--FACETED TOPICAL TERM
Focus term
690 ## - LOCAL SUBJECT ADDED ENTRY--TOPICAL TERM (OCLC, RLIN)
Topical term or geographic name as entry element System design; System analysis; Systems programming (Computer science); Software engineering
700 ## - ADDED ENTRY--PERSONAL NAME
Personal name
Numeration
Titles and other words associated with a name
710 ## - ADDED ENTRY--CORPORATE NAME
Corporate name or jurisdiction name as entry element
Subordinate unit
Location of meeting
711 ## - ADDED ENTRY--MEETING NAME
Meeting name or jurisdiction name as entry element
720 ## - ADDED ENTRY--UNCONTROLLED NAME
Name
730 ## - ADDED ENTRY--UNIFORM TITLE
Uniform title
740 ## - ADDED ENTRY--UNCONTROLLED RELATED/ANALYTICAL TITLE
Uncontrolled related/analytical title
752 ## - ADDED ENTRY--HIERARCHICAL PLACE NAME
Country or larger entity
856 ## - ELECTRONIC LOCATION AND ACCESS
Host name
Path
Electronic name
904 ## - LOCAL DATA ELEMENT D, LDD (RLIN)
a
964 ## -
--
--
--
--
--
--
--
965 ## -
--
Holdings
Withdrawn status Lost status Source of classification or shelving scheme Damaged status Not for loan Collection code Home library Current library Date acquired Source of acquisition Cost, normal purchase price Total Checkouts Full call number Barcode Date last seen Date checked out Price effective from Koha item type
    Dewey Decimal Classification     General Text Book Central University Of Rajasthan Central University Of Rajasthan 07/03/2012 CSC 195.00 5 004.21 T73S 687 21/11/2024 17/04/2024 02/09/2020 Books